| 000 | 00796nam a22002657a 4500 | ||
|---|---|---|---|
| 005 | 20230213100810.0 | ||
| 008 | 230213b ||||| |||| 00| 0 eng d | ||
| 020 | _a8171943179 | ||
| 040 | _cAL | ||
| 041 | _aeng | ||
| 082 |
_223 _a657.46 _bSINT |
||
| 100 |
_aVinod K Singhania _972070 |
||
| 100 |
_dKapil Singhania _972063 |
||
| 245 | _aTaxmanns direct taxes law and practice | ||
| 260 |
_aNew Delhi _bTaxmann Publications Pvt Ltd _c2003 |
||
| 300 |
_axxiv,1517p. _bPB _c24x16cm. |
||
| 365 |
_2Commerce _b360.00 _c₹ _d360.00 |
||
| 650 |
_aTax Incidence _972064 |
||
| 650 |
_aIncome Exempt From Tax _972065 |
||
| 650 |
_aSalaries _972066 |
||
| 650 |
_aIncome from House Property _972067 |
||
| 700 |
_aSINGHANIA (Vinod K) _972068 |
||
| 700 |
_aSINGHANIA (Kapil) _972069 |
||
| 942 |
_2ddc _cDB |
||
| 999 |
_c226682 _d226682 |
||